Enhancing the effectiveness of public spending in Finland
Saved in:
| Main Author: | |
|---|---|
| Other Authors: | , |
| Format: | Book |
| Language: | English |
| Published: |
Paris
OECD
2003
|
| Series: | Economics department working papers
No. 358 |
| Subjects: | |
| Tags: |
No Tags, Be the first to tag this record!
|
MARC
| LEADER | 00000nam a2200000 4500 | ||
|---|---|---|---|
| 001 | 0024796 | ||
| 005 | 20240223110123.8 | ||
| 041 | 0 | |a eng | |
| 044 | |a FR | ||
| 245 | 1 | 0 | |a Enhancing the effectiveness of public spending in Finland |c by Philip Hemmings, David Turner and Seija Parviainen |
| 264 | 1 | |a Paris |b OECD |c 2003 | |
| 300 | |a 58 s. | ||
| 490 | 1 | |a Economics department working papers |v No. 358 | |
| 830 | 0 | |a Economics department working papers |v No. 358 | |
| 610 | 2 | 0 | |a efektívnosť |
| 610 | 2 | 0 | |a výdavky verejné |
| 610 | 2 | 0 | |a Fínsko |
| 610 | 2 | 0 | |a reformy dôchodkové |
| 100 | 1 | |a Hemmings, Philip | |
| 700 | 1 | |a Turner, David | |
| 700 | 1 | |a Parviainen, Seija | |